000 00533nam a22001817a 4500
005 20251108173030.0
008 250721s9999 xx 000 0 ara d
082 1 4 _a811.1/طبا
100 1 _aالطباع، عمر فاروق
_eشرح
245 1 0 _aدايون أوس بن حجر /
264 1 _aبيروت :
_bدار الارقم بن الارقم،
300 _a125ص
650 1 7 _aالأدب العربي
650 1 7 _aالشعر العربي
650 1 7 _aالعصر الجاهلي
942 _2ddc
_cBK
999 _c94460
_d94460